01342nam a2200181Ia 4500001001300000003001000013008004100023040002500064041000700089100002600096245002800122250001100150260005600161300001200217500086800229650004301097700002001140b6238-44328 IT-MiCISF161014s9999||||xx |||||||||||||| ||und|| aIT-MiCISFcIT-MiCISF ait aCarricaburu Danièle 0aSociologia della salute a1a ed. aBolognabIl Mulinoc2007 [Edizione originale: 2005] app. 197 a / salute, servizi-sanitari, malato, cura / La nostra società è interessata da un processo di medicalizzazione che coinvolge una pluralità sempre più ampia di soggetti e di competenze. Tra preoccupazioni individuali e dibattito pubblico, il tema della salute è oggetto di un crescente interesse. Gli AA. di questo volume, docenti di Sociologia rispettivamente all'Università di Rouen e di Parigi III, offrono un'analisi sociologica ai problemi della salute, della medicina e della malattia, andando oltre il punto di vista strettamente biologico, tecnico, politico o gestionale e fornendo tutti gli strumenti necessari per affrontare in modo appropriato un fenomeno tanto complesso. La questione della salute è qui approfondita nelle sue dimensioni e implicazioni sociali secondo tre linee principali: le istituzioni, i professionisti e le malattie. a Famiglia e servizi / salute-curae007 aMénoret Marie